书目信息 |
| 题名: |
理学集大成者
|
|
| 作者: | 王荣珍 编著 | |
| 分册: | ||
| 出版信息: | 长春 吉林文史出版社 2010.04 |
|
| 页数: | 120页 | |
| 开本: | 23cm | |
| 丛书名: | 中国文化知识读本 | |
| 单 册: | ||
| 中图分类: | B244.7 | |
| 科图分类: | ||
| 主题词: | ||
| 电子资源: | ||
| ISBN: | 978-7-5463-2009-0 | |
| 000 | 00859nam 2200277 450 | |
| 001 | 004708197 | |
| 005 | 20100812155748.70 | |
| 010 | @a978-7-5463-2009-0@dCNY22.00 | |
| 100 | @a20100515d2010 em y0chiy50 ea | |
| 101 | 0 | @achi |
| 102 | @aCN@b220000 | |
| 105 | @aa z 000yd | |
| 200 | 1 | @a理学集大成者@Ali xue ji da cheng zhe@e朱熹@f王荣珍编著@Fwang rong zhen bian zhu |
| 205 | @a第2版 | |
| 210 | @a长春@c吉林文史出版社@d2010.04 | |
| 215 | @a120页@c图@d23cm | |
| 225 | 2 | @a中国文化知识读本 |
| 330 | @a本书通过朱熹其人、为学之道、为官几多事、朱子家训传后世、朱子趣闻、与武夷山的渊源等6章内容介绍了朱熹。 | |
| 410 | 0 | @12001 @a中国文化知识读本 |
| 517 | 1 | @a朱熹@Azhu xi |
| 600 | 0 | @a朱熹,@f(1130~1200)@x生平事迹 |
| 606 | @0 | |
| 690 | @aB244.7@v4 | |
| 701 | 0 | @a王荣珍@Awang rong zhen@4编著 |
| 801 | 0 | @c20100515 |
| 905 | @dB244.7@eW320=2@f5 | |
| 理学集大成者:朱熹/王荣珍编著.-第2版.-长春:吉林文史出版社,2010.04 |
| 120页:图;23cm.-(中国文化知识读本) |
| ISBN 978-7-5463-2009-0:CNY22.00 |
| 本书通过朱熹其人、为学之道、为官几多事、朱子家训传后世、朱子趣闻、与武夷山的渊源等6章内容介绍了朱熹。 |
| ● |
| 相关链接 |
|
|
|
正题名:理学集大成者
索取号:B244.7/W320=2
 
预约/预借
| 序号 | 登录号 | 条形码 | 馆藏地/架位号 | 状态 | 备注 |
| 1 | 1025443 | 210254437 | 社科库509/509社科库 14排4列2层/ [索取号:B244.7/W320=2] | 在馆 | |
| 2 | 1025444 | 210254446 | 社科库509/509社科库 14排4列2层/ [索取号:B244.7/W320=2] | 在馆 | |
| 3 | 1025445 | 210254455 | 社科库509/422社科库 46排2列1层/ [索取号:B244.7/W320=2] | 在馆 | |
| 4 | 1025446 | 210254464 | 社科库509/422社科库 29排4列4层/ [索取号:B244.7/W320=2] | 在馆 | |
| 5 | 1025447 | 210254473 | 社科库509/509社科库 14排4列2层/ [索取号:B244.7/W320=2] | 在馆 |